Business as usual; transactions violating Rhodesian sanctions (Record no. 121476)
[ view plain ]
| 000 -LEADER | |
|---|---|
| fixed length control field | 01038cam a2200289 4500 |
| 001 - CONTROL NUMBER | |
| control field | 1656960 |
| 003 - CONTROL NUMBER IDENTIFIER | |
| control field | ARRUPE |
| 005 - DATE AND TIME OF LATEST TRANSACTION | |
| control field | 20141211105859.0 |
| 008 - FIXED-LENGTH DATA ELEMENTS--GENERAL INFORMATION | |
| fixed length control field | 731129s1973 dcu 000 0 eng |
| 010 ## - LIBRARY OF CONGRESS CONTROL NUMBER | |
| LC control number | 73087780 //r85 |
| 035 ## - SYSTEM CONTROL NUMBER | |
| System control number | (OCoLC)ocm00763854 |
| 040 ## - CATALOGING SOURCE | |
| Original cataloging agency | DLC |
| Transcribing agency | DLC |
| Modifying agency | ZCU |
| 043 ## - GEOGRAPHIC AREA CODE | |
| Geographic area code | f-rh--- |
| 050 0# - LIBRARY OF CONGRESS CALL NUMBER | |
| Classification number | JX1977.2.R5 |
| Item number | P37 |
| 082 ## - DEWEY DECIMAL CLASSIFICATION NUMBER | |
| Classification number | 341.5/8 |
| 300 ## - PHYSICAL DESCRIPTION | |
| Dimensions | 23 cm. |
| 100 1# - MAIN ENTRY--PERSONAL NAME | |
| Personal name | Park, Stephen. |
| 9 (RLIN) | 13337 |
| 245 10 - TITLE STATEMENT | |
| Title | Business as usual; transactions violating Rhodesian sanctions |
| Statement of responsibility, etc | [by] Stephen Park. Anthony Lake, project director. |
| 260 ## - PUBLICATION, DISTRIBUTION, ETC. (IMPRINT) | |
| Place of publication, distribution, etc | [Washington, |
| Name of publisher, distributor, etc | Carnegie Endowment for International Peace, |
| Date of publication, distribution, etc | 1973] |
| 300 ## - PHYSICAL DESCRIPTION | |
| Extent | 54 p. |
| 490 1# - SERIES STATEMENT | |
| Series statement | Carnegie Endowment for International Peace. Special Rhodesia Project. Interim report |
| 610 20 - SUBJECT ADDED ENTRY--CORPORATE NAME | |
| Corporate name or jurisdiction name as entry element | United Nations |
| Geographic subdivision | Zimbabwe. |
| 9 (RLIN) | 13338 |
| 650 #0 - SUBJECT ADDED ENTRY--TOPICAL TERM | |
| Topical term or geographic name as entry element | Sanctions (International law) |
| 9 (RLIN) | 12962 |
| 700 1# - ADDED ENTRY--PERSONAL NAME | |
| Personal name | Lake, Anthony. |
| 9 (RLIN) | 13151 |
| 830 #0 - SERIES ADDED ENTRY--UNIFORM TITLE | |
| Uniform title | Interim report (Carnegie Endowment for International Peace. Special Rhodesia Project) |
| 9 (RLIN) | 13339 |
| 900 ## - EQUIVALENCE OR CROSS-REFERENCE-PERSONAL NAME [LOCAL, CANADA] | |
| Numeration | TOC |
| 942 ## - ADDED ENTRY ELEMENTS (KOHA) | |
| Source of classification or shelving scheme | Library of Congress Classification |
| Koha item type | SPC |
| Withdrawn status | Lost status | Source of classification or shelving scheme | Damaged status | Not for loan | Collection code | Home library | Current library | Shelving location | Date acquired | Total Checkouts | Full call number | Barcode | Date last seen | Price effective from | Koha item type |
|---|---|---|---|---|---|---|---|---|---|---|---|---|---|---|---|
| Library of Congress Classification | SPECIAL Collection | ARRUPE LIBRARY | ARRUPE LIBRARY | Main Collection | 11/12/2014 | SPC JX1977.2.R5 P37 | 46500003471 | 11/12/2014 | 11/12/2014 | SPC |